Mientras caminamos /

Guardado en:
Autor Principal: Damiani, Marcelo
Formato: Libro
Publicado: Buenos Aires : Sm, 2014
Series:Gran Angular
Materias:
Etiquetas: Agregar Etiqueta
Sin Etiquetas, Sea el primero en etiquetar este registro!
LEADER 01273nam a22002175a 4500
001 CEM.cems014569
005 20150330184954.0
008 130507s2014##################000#0#####d
003 CEMS
020 |a 9789877310399 
082 0 4 |a 468 
100 1 |a Damiani, Marcelo 
245 1 0 |a Mientras caminamos /  |c Marcelo Damiani ... y Otros 
260 |a Buenos Aires :  |b Sm,  |c 2014 
300 |a 80 p. 
490 0 |a Gran Angular 
505 0 |a Las estrellas según Rey / Marcelo Damiani -- Pavesas / Jorge Accame -- Revancha / Horacio Convertini -- Poemas sin título / Esteban Valentino -- La noche tan última / Verónica Sukaczer -- Dandi / Liza Porcelli, Piussi -- El penal / Esteban Valentino -- Amalia / Felisberto Hernández -- Extraordinaria historia de dos tuertos / Roberto Arlt -- El canto del cisne / Horacio Quiroga -- Yo no quiero más luz que tu cuerpo ante el mío / Miguel hernández -- Alma callejera / Oscar Wilde -- La caída / Beatriz Vignoli -- El gaucho Martín Fierro, Canto XIII / José Hernández -- El arte del cuento / Mary Flannery O´Connor -- Elogio de la lectura / Alberto Manguel -- Frase / Julio Cortázar 
653 |a Literatura 
653 |a Poesia 
653 |a Cuentos 
859 |a CEMS  |b BIB. CEMS - 11 de abril  |h 468  |i N143-1  |p 27133.15  |t Ej.1  |v 2º/3º  |3 2º/3º